The lands of the Eastern : (Record no. 91230)

MARC details
000 -LEADER
campo de control de longitud fija 00610nam a2200181 i 4500
001 - NÚMERO DE CONTROL
campo de control 91230
003 - IDENTIFICADOR DE NÚMERO DE CONTROL
campo de control ES-MaACL
005 - FECHA Y HORA DE LA ÚLTIMA TRANSACCIÓN
campo de control 20230906180654.0
007 - CAMPO FIJO DE DESCRIPCIÓN FÍSICA--INFORMACIÓN GENERAL
campo de control de longitud fija t|
008 - DATOS DE LONGITUD FIJA--INFORMACIÓN GENERAL
campo de control de longitud fija 050128s1905 xxk ||||1| eng d
080 ## - NÚMERO DE LA CLASIFICACIÓN DECIMAL UNIVERSAL
Número de la Clasificación Decimal Universal 930.85(5-15)
100 1# - ENTRADA PRINCIPAL--NOMBRE DE PERSONA
Nombre de persona Le Strange, Guy.
9 (RLIN) 70934
245 14 - MENCIÓN DEL TÍTULO
Título The lands of the Eastern :
Resto del título Caliphate, Mesopotamia, Persia and Central Asia from the Moslem conquest to the time of Timur /
Mención de responsabilidad, etc. by G. Le Strange.
260 ## - PUBLICACIÓN, DISTRIBUCIÓN, ETC.
Lugar de publicación, distribución, etc. Cambridge :
Nombre del editor, distribuidor, etc. John Clay,
Fecha de publicación, distribución, etc. 1905.
300 ## - DESCRIPCIÓN FÍSICA
Extensión XV, 536 p. :
Otras características físicas 10 mapas ;
Dimensiones 20 cm.
651 #4 - PUNTO DE ACCESO ADICIONAL DE MATERIA--NOMBRE GEOGRÁFICO
Nombre geográfico Oriente Medio-
Subdivisión general Civilización.
9 (RLIN) 170045
852 4# - LOCALIZACIÓN
Ubicación ES-MaACL
Número de control de estantería G-15267
Holdings
Estatus retirado Estado de pérdida Estado de daño No para préstamo Biblioteca de origen Biblioteca actual Ubicación en estantería Fecha de adquisición Fuente de adquisición Total de préstamos Signatura topográfica completa Código de barras Visto por última vez Precio de reemplazo Tipo de ítem Koha
        Biblioteca del Ateneo de Madrid Biblioteca del Ateneo de Madrid Sala Pecera Planta 3 17/01/2008     G-15267 1095251 23/02/2023 23/02/2023 Libro impreso